Benefity zamestnancov z hľadiska daňových a účtovných predpisov (IV.)
Plnenia zabezpečované zamestnávateľom svojim zamestnancom z hľadiska účtovných predpisov. Účtovanie v sústave podvojného účtovníctva. Náklady zamestnávateľa súvisiace s nepeňažným plnením. Poskytnutie plnení zo sociálneho fondu. Účtovanie v sústave jednoduchého účtovníctva.
Enregistré dans:
| Auteur principal: | |
|---|---|
| Autres auteurs: | |
| Format: | Chapitre de livre |
| Langue: | slovaque |
| Sujets: | |
| Tags: |
Pas de tags, Soyez le premier à ajouter un tag!
|
MARC
| LEADER | 00000naa a2200000 4500 | ||
|---|---|---|---|
| 001 | 0304603 | ||
| 005 | 20241015134019.3 | ||
| 041 | 0 | |a slo | |
| 044 | |a SK | ||
| 245 | 1 | 0 | |a Benefity zamestnancov z hľadiska daňových a účtovných predpisov (IV.) |c Monika Adamíková, Miroslava Brnová |
| 520 | |a Plnenia zabezpečované zamestnávateľom svojim zamestnancom z hľadiska účtovných predpisov. Účtovanie v sústave podvojného účtovníctva. Náklady zamestnávateľa súvisiace s nepeňažným plnením. Poskytnutie plnení zo sociálneho fondu. Účtovanie v sústave jednoduchého účtovníctva. | ||
| 610 | 2 | 0 | |a benefity |
| 610 | 2 | 0 | |a zamestnanci |
| 610 | 2 | 0 | |a predpisy daňové |
| 610 | 2 | 0 | |a účtovníctvo jednoduché |
| 610 | 2 | 0 | |a účtovníctvo podvojné |
| 610 | 2 | 0 | |a zamestnávatelia |
| 610 | 2 | 0 | |a náklady |
| 610 | 2 | 0 | |a fond sociálny |
| 610 | 2 | 0 | |a prípady účtovné |
| 610 | 2 | 0 | |a zákony |
| 100 | 1 | |a Adamíková, Monika | |
| 700 | 1 | |a Brnová, Miroslava | |